00761nam a2200265Ia 450000500170000000800460001702000180006303700100008104000080009104000080009904000080010704100080011504100080012308400080013110000240013924500890016326000220025226000220027426000090029665000200030585600480032594200100037399900210038395200910040420260121124824.0008 260114s9999 xx 000 0 eng d a9781526118752 aEBOOK aCRL beng cCRL 2eng aeng qCRL aMay, Andrew9982566 0aWelsh missionaries and British imperialism: The Empire of Clouds in north-east India bWalter de Gruyter bWalter de Gruyter c2012 aHistory9982567 uhttp://www.degruyter.com/isbn/9781526118752 cEBOOK c1557385d1557385 00104070aCRLbCRLd2026-01-21l0pCL1881499r2026-01-21 12:48:24w2026-01-21yEBOOK